|
|
|
|
| LEADER |
00000cam a2200000 a 4500 |
| 001 |
vtls001378477 |
| 003 |
SK-MaSNL |
| 005 |
20260413115234.0 |
| 008 |
240801s1999 xo efa 0000f slo |
| 015 |
|
|
|a SNBK1999/04-02198
|
| 020 |
|
|
|a 8080471789
|
| 035 |
|
|
|a SNK000332443
|
| 040 |
|
|
|a SNK
|b slo
|c SNK
|e AACR2
|
| 041 |
0 |
|
|a slo
|h eng
|
| 044 |
|
|
|a xo
|c SK
|
| 080 |
|
|
|a 820(73)-3(02.056.262)
|2 1981
|
| 100 |
1 |
|
|a Rose, Marcia
|4 aut
|9 41180
|
| 245 |
1 |
0 |
|a Priznávanie
|h slepecká tlač
|n 1.-6. zv.
|c Marcia Rose
|
| 260 |
|
|
|a Levoča
|b Slovenská knižnica pre nevidiacich Mateja Hrebendu
|c 1999
|
| 300 |
|
|
|a 6 zv.([118, 124, 124, 122, 118, 114] s.) v Brailleovom písme
|c 32x27 cm
|
| 655 |
|
7 |
|a americké romány
|2 SNKPH
|9 1174
|
| 655 |
|
7 |
|a publikácie pre nevidiacich
|2 SNKPH
|9 70695
|
| 655 |
|
7 |
|a publikácie v Braillovom písme
|2 SNKPH
|9 222610
|
| 852 |
|
|
|a Slovenská národná knižnica
|
| 919 |
|
|
|a 80-8047-178-9
|
| 954 |
|
|
|a beletria cudzojazyčná (svetová)
|2 lita
|
| 958 |
|
|
|a SX
|
| 958 |
|
|
|a LX
|
| 958 |
|
|
|a NS
|
| 958 |
|
|
|a US
|
| 958 |
|
|
|a KST
|
| 999 |
|
|
|c 550397
|d 552327
|
| 952 |
|
|
|t P60, <03>, [BOOK], {603}
|a SNK
|b SNK
|y PREZ
|7 0
|p 17A0219809
|o snkOSB 12334/1
|i snkKSP 12035/99
|0 0
|1 0
|4 0
|d 1999-12-03
|l 0
|r 2005-01-02 00:00:00
|w 2026-02-23
|
| 952 |
|
|
|t P60, <03>, [BOOK], {603}
|a SNK
|b SNK
|y PREZ
|7 0
|p 17A0219810
|o snkOSB 12334/2
|i snkKSP 12036/99
|0 0
|1 0
|4 0
|d 1999-12-03
|l 0
|r 2005-01-02 00:00:00
|w 2026-02-23
|
| 952 |
|
|
|t P60, <03>, [BOOK], {603}
|a SNK
|b SNK
|y PREZ
|7 0
|p 17A0219811
|o snkOSB 12334/3
|i snkKSP 12037/99
|0 0
|1 0
|4 0
|d 1999-12-03
|l 0
|r 2005-01-02 00:00:00
|w 2026-02-23
|
| 952 |
|
|
|t P60, <03>, [BOOK], {603}
|a SNK
|b SNK
|y PREZ
|7 0
|p 17A0219812
|o snkOSB 12334/4
|i snkKSP 12038/99
|0 0
|1 0
|4 0
|d 1999-12-03
|l 0
|r 2005-01-02 00:00:00
|w 2026-02-23
|
| 952 |
|
|
|t P60, <03>, [BOOK], {603}
|a SNK
|b SNK
|y PREZ
|7 0
|p 17A0219813
|o snkOSB 12334/5
|i snkKSP 12039/99
|0 0
|1 0
|4 0
|d 1999-12-03
|l 0
|r 2005-01-02 00:00:00
|w 2026-02-23
|
| 952 |
|
|
|t P60, <03>, [BOOK], {603}
|a SNK
|b SNK
|y PREZ
|7 0
|p 17A0219814
|o snkOSB 12334/6
|i snkKSP 12040/99
|0 0
|1 0
|4 0
|d 1999-12-03
|l 0
|r 2005-01-02 00:00:00
|w 2026-02-23
|